00541nam a22001697a 450000500170000001000150001702000260003203500140005803700090007208200080008110000160008924500760010526000480018127001130022930000260034270000030036820250324152433.0 aENG-144234 a9780521189941c295.00 aEN-127766 bDBAD a425 aBurns, Anne aCollaborative Action Research for English Language Teacher/bAnne Burns aNew DelhibCambridge University Pressc2010 ac/o Cambridge University Press Pvt. Ltd. Cambridge House, 4381/4, Ansari Road, DaryaganjbNew Delhie110002 aix,259pc22.4 cm.(Pb)